इक्यावन ऐतिहासिक बाल कहानियाँ / (Record no. 32306)

MARC details
000 -LEADER
fixed length control field 03109nam a22003257a 4500
005 - DATE AND TIME OF LATEST TRANSACTION
control field 20091209120037.0
010 ## - LCCN (DPL NO)
LC control number B-374469-477
020 ## - INTERNATIONAL STANDARD BOOK NUMBER
International Standard Book Number 8177790021
Terms of availability 275.00
035 ## - SYSTEM CONTROL NUMBER
System control number B-374469-477
037 ## - SOURCE OF ACQUISITION
Source of stock number/acquisition साहित्य भंडार
082 ## - DEWEY DECIMAL CLASSIFICATION NUMBER
Classification number
100 ## - MAIN ENTRY--PERSONAL NAME
Personal name इक्याव
245 ## - TITLE STATEMENT
Title इक्यावन ऐतिहासिक बाल कहानियाँ /
Statement of responsibility, etc रमाशंकर द्वारा संपादित
250 ## - EDITION STATEMENT
Edition statement 2रा संस्क
260 ## - PUBLICATION, DISTRIBUTION, ETC. (IMPRINT)
Place of publication, distribution, etc इलाहाबाद
Name of publisher, distributor, etc साहित्य भंडार
Date of publication, distribution, etc 2008
270 ## - ADDRESS
Address 50 चाहचन्द
City इलाहाबाद
300 ## - PHYSICAL DESCRIPTION
Extent 260पृ
Dimensions 22सेमी (अजिल्द)
Other physical details सचित्र
700 ## - ADDED ENTRY--PERSONAL NAME
Personal name रमाशंकर
9 (RLIN) 21897
942 ## - ADDED ENTRY ELEMENTS (KOHA)
Source of classification or shelving scheme Dewey Decimal Classification
Item type Children Books
Classification part
Call number suffix इक्याव
Holdings
Withdrawn status Lost status Not for loan Collection code Home library Current library Date acquired Source of acquisition Cost, normal purchase price Full call number Barcode Copy number Cost, replacement price Koha item type Public note
      Non-fiction Janak Puri Janak Puri 27/09/2010 साहित्य भंडार/251/28.01.10/370/21.01.10/15.02.10 275.00 क इक्याव B-374470 2 275.00 Children Books  
Withdrawn     Non-fiction Janak Puri Janak Puri 27/09/2010 साहित्य भंडार/251/28.01.10/370/21.01.10/15.02.10 275.00 क इक्याव B-374471 2 275.00 Children Books  
Written off     Non-fiction Narela Narela 27/09/2010 साहित्य भंडार/251/28.01.10/370/21.01.10/15.02.10 275.00 क इक्याव B-374474 1 275.00 Children Books Written off on approval by DLB (By Circulation); dtd 20.12.2022
      Non-fiction R.C.Libraries (BL-IV) R.C.Libraries (BL-IV) 27/09/2010 साहित्य भंडार/251/28.01.10/370/21.01.10/15.02.10 275.00 क इक्याव B-374476 2 275.00 Children Books  
      Non-fiction R.C.Libraries (BL-IV) R.C.Libraries (BL-IV) 27/09/2010 साहित्य भंडार/251/28.01.10/370/21.01.10/15.02.10 275.00 क इक्याव B-374477 2 275.00 Children Books  
Withdrawn     Non-fiction Sarojini Nagar Sarojini Nagar 27/09/2010 साहित्य भंडार/251/28.01.10/370/21.01.10/15.02.10 275.00 क इक्याव B-374472 1 275.00 Children Books  
      Non-fiction Shahdara Branch Shahdara Branch 27/09/2010 साहित्य भंडार/251/28.01.10/370/21.01.10/15.02.10 275.00 क इक्याव B-374469 1 275.00 Children Books  
  Written-off vide DLB M. No. 383 dt 16.05.19   Non-fiction Shahdara Branch Shahdara Branch 27/09/2010 साहित्य भंडार/251/28.01.10/370/21.01.10/15.02.10 275.00 क इक्याव B-374475 1 275.00 Children Books  
      Non-fiction Vinoba Puri Vinoba Puri 27/09/2010 साहित्य भंडार/251/28.01.10/370/21.01.10/15.02.10 275.00 क इक्याव B-374473 1 275.00 Children Books  

© Delhi Public Library
Hit Counter
free hit counter